The law on income taxation (Record no. 4056)
[ view plain ]
| 000 -LEADER | |
|---|---|
| fixed length control field | 00660nam a22002177i 4500 |
| 003 - CONTROL NUMBER IDENTIFIER | |
| control field | URS |
| 005 - DATE AND TIME OF LATEST TRANSACTION | |
| control field | 20221109111335.0 |
| 020 ## - INTERNATIONAL STANDARD BOOK NUMBER | |
| International Standard Book Number | 9712330591 |
| 040 ## - CATALOGING SOURCE | |
| Transcribing agency | urs |
| 050 14 - LIBRARY OF CONGRESS CALL NUMBER | |
| Classification number | KF 5624.61 I5 T46 2001 |
| 100 ## - MAIN ENTRY--PERSONAL NAME | |
| Personal name | Teodoro, Benjamin |
| 245 ## - TITLE STATEMENT | |
| Title | The law on income taxation |
| Statement of responsibility, etc. | Benjamin D. Teodoro and Hector S. De Leon |
| 250 ## - EDITION STATEMENT | |
| Edition statement | Eleventh Edition |
| 264 #1 - PRODUCTION, PUBLICATION, DISTRIBUTION, MANUFACTURE, AND COPYRIGHT NOTICE | |
| Place of production, publication, distribution, manufacture | Manila: |
| Name of producer, publisher, distributor, manufacturer | Rex publishing, |
| Date of production, publication, distribution, manufacture, or copyright notice | 2001. |
| 300 ## - PHYSICAL DESCRIPTION | |
| Extent | xxiv, 668 pages; |
| Dimensions | 23 cm. |
| 336 ## - CONTENT TYPE | |
| Content type term | text |
| Content type code | txt |
| Source | rdacontent |
| 337 ## - MEDIA TYPE | |
| Media type term | unmediated |
| Media type code | n |
| Source | rdamedia |
| 338 ## - CARRIER TYPE | |
| Carrier type term | volume |
| Carrier type code | nc |
| Source | rdacarrier |
| 650 ## - SUBJECT ADDED ENTRY--TOPICAL TERM | |
| Topical term or geographic name entry element | 1.Income tax--Law and legislation--Philippines. I.de Leon, Hector S. II.Title |
| 942 ## - ADDED ENTRY ELEMENTS (KOHA) | |
| Koha item type | Filipiniana |
| Source of classification or shelving scheme | Library of Congress Classification |
| Withdrawn status | Source of classification or shelving scheme | Damaged status | Not for loan | Collection code | Home library | Current library | Shelving location | Date acquired | Total Checkouts | Full call number | Barcode | Date last seen | Price effective from | Koha item type |
|---|---|---|---|---|---|---|---|---|---|---|---|---|---|---|
| Library of Congress Classification | Non-fiction | Binangonan College Library | Binangonan College Library | Filipiniana Section | 06/07/2023 | KF 5624.61 I5 T46 2001 | URSBIN-873 | 02/26/2016 | 09/11/2019 | Filipiniana | ||||
| Library of Congress Classification | Non-fiction | Binangonan College Library | Binangonan College Library | Filipiniana Section | 06/07/2023 | HJ 4629 T314 2001 | URSBIN-987 | 05/06/2016 | 05/06/2016 | Filipiniana |